000 00766nam a22002177a 4500
003 OSt
005 20260122065324.0
008 260122b |||||||| |||| 00| 0 eng d
020 _a 0-07-138416-2
040 _aDWC-Main lib
_cOC
082 _aCirc. 658.406 U45g 2002
100 _aUlrich, Dave
245 _aThe G.E work-out :
_b How to Implement GE's Revolutionary method for busting bureaucracy and attacking organizational problems-fast!/
_cDave Ulrich
260 _aN.Y :
_b Mcgraw-Hill companies ,
_cc2012.
300 _axi , 326 pages :
_b illustrations ;
_c24cm.
504 _aIncludes index.
650 _a1. General electric company
650 _a2. Industrial organization
650 _a3. Organizational change
942 _2ddc
_cBK-CIRC
_kCirc.
_n0
999 _c7717
_d7717